000
00308nam a2200157Ia 4500
100
_a
Suehring/Steve/ converse/Tino
650
_a
PHP
942
_c
BK
366
_f
20
245
_a
PHP6 and MYSQL
260
_b
Wiley
_c
2009
082
_a
5.133
_b
SUE
300
_a
873
546
_a
ENGLISH
999
_c
34704
_d
34704